[Event "SLO-chT"]
[Site "Slovenia"]
[Date "2011.05.27"]
[Round "1"]
[White "Mazej, Jernej"]
[Black "Karer, Gregor"]
[Result "1-0"]
[WhiteElo "2077"]
[BlackElo "2182"]
[PlyCount "55"]
[EventDate "2011.05.27"]
[EventType "team-tourn"]
[EventRounds "9"]
[EventCountry "SLO"]
[SourceTitle "CBM 142 Extra"]
[Source "ChessBase"]
[SourceDate "2011.06.27"]
[SourceVersion "1"]
[SourceVersionDate "2011.06.27"]
[SourceQuality "1"]
[WhiteTeam "Velenje Veplas"]
[BlackTeam "Nova Gorica"]
[WhiteTeamCountry "SLO"]
[BlackTeamCountry "SLO"]

1. f4 e6 2. Nf3 d5 3. e3 Nf6 4. b3 b6 5. Bb2 Bb7 6. Bb5+ c6 7. Bd3 c5 8. 0-0 Nc6 9. Nc3 Be7 10. Ne2 0-0 11. Ng3 a6 12. Ne5 b5 13. Nh5 c4 14. Nxf6+ Bxf6 15. Bxh7+ Kxh7 16. Qh5+ Kg8 17. Rf3 Bxe5 18. fxe5 d4 19. Raf1 Nxe5 20. Rh3 f5 21. exd4 Qd5 22. Qh7+ Kf7 23. Rg3 Nd7 24. Rxg7+ Ke8 25. Ba3 Bc6 26. Qh4 Nf6 27. Bxf8 Ra7 28. Qxf6 1-0

[Event "SLO-chT 20th"]
[Site "Gostovanja"]
[Date "2010.11.07"]
[Round "9"]
[White "Mohr, Georg"]
[Black "Karer, Gregor"]
[Result "1-0"]
[WhiteElo "2511"]
[BlackElo "2182"]
[PlyCount "63"]
[EventDate "2010.05.15"]
[EventType "team-tourn"]
[EventRounds "9"]
[EventCountry "SLO"]
[SourceTitle "EXT 2020"]
[Source "ChessBase"]
[SourceDate "2019.10.17"]
[SourceVersion "1"]
[SourceVersionDate "2019.10.17"]
[SourceQuality "1"]
[WhiteTeam "Maribor ZSK"]
[BlackTeam "Nova Gorica"]
[WhiteTeamCountry "SVK"]
[BlackTeamCountry "SLO"]

1. g3 g6 2. Bg2 Bg7 3. d4 d5 4. Nf3 Nf6 5. c4 c6 6. Qb3 0-0 7. Nc3 Re8 8. 0-0 dxc4 9. Qxc4 Nbd7 10. Ng5 e6 11. Rd1 Qe7 12. f4 Nb6 13. Qd3 Bd7 14. e4 Rad8 15. e5 Nfd5 16. Nge4 Bc8 17. Qe2 Nd7 18. Nd6 Rf8 19. Bd2 b6 20. Rac1 Nb8 21. Nxd5 exd5 22. Bb4 Ba6 23. Qe1 Qe6 24. f5 gxf5 25. Bh3 c5 26. Bxf5 Qe7 27. dxc5 Bxe5 28. Rxd5 Nc6 29. Bc3 Bxd6 30. cxd6 Qxe1+ 31. Rxe1 Bc4 32. Re4 1-0

[Event "SLO-chT"]
[Site "Celje"]
[Date "2003.11.22"]
[Round "8"]
[White "Sakelsek, Tadej"]
[Black "Karer, Gregor"]
[Result "1-0"]
[WhiteElo "2339"]
[BlackElo "2119"]
[PlyCount "105"]
[EventDate "2003.11.17"]
[EventType "team-swiss"]
[EventRounds "9"]
[EventCountry "SLO"]
[SourceTitle "CBM 097 Extra"]
[Source "ChessBase"]
[SourceDate "2004.01.13"]
[SourceVersion "1"]
[SourceVersionDate "2004.01.13"]
[SourceQuality "1"]

1. e4 e6 2. d4 d5 3. Nd2 Nf6 4. e5 Nfd7 5. Bd3 c5 6. c3 Nc6 7. Ne2 cxd4 8. cxd4 f6 9. exf6 Qxf6 10. Nf3 h6 11. 0-0 Bd6 12. Bc2 0-0 13. Ng3 Rd8 14. Re1 Nf8 15. Ne5 Bd7 16. f4 Rac8 17. Be3 Be8 18. a3 Ne7 19. Rc1 Nfg6 20. Nh5 Qf8 21. Qg4 Bxe5 22. fxe5 Nf5 23. Rf1 Nge7 24. Nf6+ Kh8 25. Nxe8 Qxe8 26. Qe2 Rc4 27. Qd3 Rdc8 28. Bb1 Rxc1 29. Bxc1 Qg6 30. Bd2 Qg4 31. Be3 Kg8 32. Rf4 Qg6 33. Kf2 h5 34. Bd2 Rf8 35. Bb4 Qg5 36. Qf3 Ng6 37. Rxf5 Rxf5 38. Bxf5 Qxf5 39. Qxf5 exf5 40. Kf3 Kf7 41. h3 Ke6 42. g3 Nh8 43. Bf8 g6 44. Bg7 Nf7 45. Bf6 Nd6 46. exd6 Kxf6 47. h4 Ke6 48. Kf4 Kxd6 49. Kg5 Kc6 50. Kxg6 Kb5 51. Kxh5 Kc4 52. Kg6 Kxd4 53. h5 1-0

[Event "SLO-chT"]
[Site "Celje"]
[Date "2003.11.18"]
[Round "3"]
[White "Karer, Gregor"]
[Black "Cigan, Stefan"]
[Result "0-1"]
[WhiteElo "2119"]
[BlackElo "2321"]
[PlyCount "72"]
[EventDate "2003.11.17"]
[EventType "team-swiss"]
[EventRounds "9"]
[EventCountry "SLO"]
[SourceTitle "CBM 097 Extra"]
[Source "ChessBase"]
[SourceDate "2004.01.13"]
[SourceVersion "1"]
[SourceVersionDate "2004.01.13"]
[SourceQuality "1"]

1. e4 c5 2. d3 Nc6 3. g3 d5 4. Nc3 Nf6 5. Bg2 dxe4 6. Nxe4 Nxe4 7. Bxe4 g6 8. Be3 Bg7 9. c3 Qd6 10. Ne2 0-0 11. Qa4 Bd7 12. Qa3 b6 13. 0-0-0 e5 14. Rhe1 Rac8 15. f4 Bg4 16. fxe5 Nxe5 17. Bf4 Qe7 18. Qb3 Rfe8 19. h4 Nf3 20. Rf1 Nd4 21. Nxd4 cxd4 22. Bg5 Bxd1 23. Kxd1 Qe6 24. c4 h6 25. Bf4 Kh8 26. Qc2 f5 27. Bd5 Qd7 28. Qd2 Kh7 29. h5 g5 30. Bxg5 hxg5 31. Qxg5 Qe7 32. Qxf5+ Kh8 33. Be4 Bh6 34. Qg4 Qg5 35. Qxg5 Bxg5 36. Rf7 Rc7 0-1

[Event "SLO-chT2"]
[Site "Slovenia"]
[Date "2003.06.04"]
[Round "4"]
[White "Jug, Simon"]
[Black "Karer, Gregor"]
[Result "0-1"]
[WhiteElo "2105"]
[BlackElo "2123"]
[PlyCount "62"]
[EventDate "2003.05.02"]
[EventType "team"]
[EventRounds "9"]
[EventCountry "SLO"]
[SourceTitle "EXT 2005"]
[Source "ChessBase"]
[SourceDate "2004.11.15"]
[SourceVersion "1"]
[SourceVersionDate "2004.11.15"]
[SourceQuality "1"]

1. d4 e6 2. c4 b6 3. Nf3 Bb7 4. Nc3 Nf6 5. Bg5 Be7 6. Qc2 d5 7. cxd5 Nxd5 8. Bxe7 Qxe7 9. a3 0-0 10. Rc1 Nd7 11. e3 c5 12. Bd3 h6 13. Nxd5 Bxd5 14. Be4 Bxe4 15. Qxe4 cxd4 16. exd4 Nf6 17. Qe2 Rac8 18. 0-0 Qb7 19. Rfe1 Rc7 20. h3 Rfc8 21. Qd2 Nd5 22. Ne5 b5 23. Nd3 b4 24. Nc5 Qb5 25. Ra1 a5 26. Re5 Ra7 27. a4 Qb8 28. Rae1 Qd6 29. g4 Ne7 30. Rh5 Ng6 31. g5 Rxc5 0-1

[Event "SLO-ch U20"]
[Site "Ptuj"]
[Date "2002.04.28"]
[Round "2"]
[White "Karer, Gregor"]
[Black "Lenic, Luka"]
[Result "0-1"]
[WhiteElo "2121"]
[BlackElo "2159"]
[PlyCount "115"]
[EventDate "2002.04.??"]
[EventType "swiss"]
[EventRounds "9"]
[EventCountry "SLO"]
[SourceTitle "EXT 2005"]
[Source "ChessBase"]
[SourceDate "2004.11.15"]
[SourceVersion "1"]
[SourceVersionDate "2004.11.15"]
[SourceQuality "1"]

1. e4 c5 2. g3 Nc6 3. Bg2 g6 4. Ne2 Bg7 5. 0-0 e6 6. Nbc3 Nge7 7. d3 d6 8. Bg5 h6 9. Be3 Nd4 10. Qd2 Nec6 11. Nd1 b6 12. Nc1 Ne5 13. f4 Ng4 14. e5 Nxe3 15. Nxe3 Rb8 16. c3 Nf5 17. Nxf5 exf5 18. d4 dxe5 19. fxe5 0-0 20. Nb3 cxd4 21. cxd4 Bb7 22. Rfe1 Bd5 23. Rad1 Re8 24. Nc1 Rb7 25. Bxd5 Qxd5 26. Qg2 Rd7 27. Qxd5 Rxd5 28. Ne2 Red8 29. Rc1 R8d7 30. Rc6 Bf8 31. Kf2 Rb5 32. b3 Ra5 33. Rc2 Bb4 34. Rec1 Ba3 35. Re1 Kg7 36. Kf3 g5 37. h4 f6 38. e6 Re7 39. Nc3 Bd6 40. d5 Rc5 41. b4 g4+ 42. Kf2 Rc4 43. Ree2 a6 44. Nd1 Rd4 45. Ne3 Bxg3+ 46. Kg2 Kg6 47. Rcd2 Rxd2 48. Rxd2 Bd6 49. Nc4 Bxb4 50. Rb2 Bc5 51. Nxb6 Rb7 52. Nc4 Rxb2+ 53. Nxb2 f4 54. Nd3 Bd6 55. Nf2 Kf5 56. a4 f3+ 57. Kf1 g3 58. Nd3 0-1

[Event "Nova Gorica op 07th"]
[Site "Nova Gorica"]
[Date "2002.02.07"]
[Round "8"]
[White "Kovacevic, Blazimir"]
[Black "Karer, Gregor"]
[Result "1-0"]
[WhiteElo "2443"]
[BlackElo "2121"]
[PlyCount "91"]
[EventDate "2002.01.12"]
[EventType "swiss"]
[EventRounds "9"]
[EventCountry "SLO"]
[SourceTitle "CBM 086 Extra"]
[Source "ChessBase"]
[SourceDate "2002.03.14"]
[SourceVersion "1"]
[SourceVersionDate "2002.03.14"]
[SourceQuality "1"]

1. c4 e6 2. Nf3 b6 3. g3 Bb7 4. Bg2 c5 5. 0-0 Nc6 6. e3 Nf6 7. d4 d5 8. cxd5 Nxd5 9. Nc3 Nxc3 10. bxc3 Be7 11. Ne5 Qc7 12. Qa4 Rc8 13. Rb1 0-0 14. Nxc6 Bxc6 15. Bxc6 Qxc6 16. Qxa7 Rc7 17. Qxb6 Qxb6 18. Rxb6 cxd4 19. cxd4 Ra7 20. a3 g6 21. Bb2 Bxa3 22. Ra1 Rfa8 23. Bxa3 Rxa3 24. Rxa3 Rxa3 25. g4 g5 26. Rb5 h6 27. h4 gxh4 28. Rh5 Kg7 29. Kg2 Kg6 30. Rxh4 Ra5 31. Kg3 f6 32. Rh1 Rd5 33. Rc1 Rd6 34. Rc5 Ra6 35. f4 Ra1 36. Rc6 Kf7 37. f5 Rg1+ 38. Kf3 exf5 39. gxf5 h5 40. Rc7+ Kg8 41. Rc2 Rg5 42. Rg2 Kf7 43. e4 h4 44. Rxg5 fxg5 45. Kg4 Ke7 46. e5 1-0

[Event "Nova Gorica op 07th"]
[Site "Nova Gorica"]
[Date "2002.02.06"]
[Round "7"]
[White "Karer, Gregor"]
[Black "Olarasu, Gabriela"]
[Result "1/2-1/2"]
[WhiteElo "2121"]
[BlackElo "2293"]
[PlyCount "169"]
[EventDate "2002.01.12"]
[EventType "swiss"]
[EventRounds "9"]
[EventCountry "SLO"]
[SourceTitle "CBM 086 Extra"]
[Source "ChessBase"]
[SourceDate "2002.03.14"]
[SourceVersion "1"]
[SourceVersionDate "2002.03.14"]
[SourceQuality "1"]

1. e4 e5 2. Nf3 d6 3. d4 exd4 4. Nxd4 Nf6 5. Nc3 Be7 6. Be2 0-0 7. Be3 Re8 8. f3 Bf8 9. Qd2 d5 10. 0-0-0 Bb4 11. a3 Bxc3 12. Qxc3 Qe7 13. Nb5 Na6 14. e5 Qxe5 15. Qxe5 Rxe5 16. Kd2 Bd7 17. Nc3 Re6 18. Bd4 Bc6 19. b4 b5 20. Bd3 Bb7 21. Nxb5 c6 22. Nc3 Nc7 23. Na4 Nb5 24. Bb2 Nd6 25. Nc5 Re7 26. Rhe1 Rae8 27. Rxe7 Rxe7 28. Re1 Rxe1 29. Kxe1 Bc8 30. Be5 Nfe8 31. Kd2 f6 32. Bd4 Nc7 33. a4 a6 34. Nb3 Kf7 35. Na5 Bd7 36. Bb6 Nde8 37. Nb3 g6 38. Nc5 Bc8 39. Ke3 Ke7 40. h4 f5 41. Kf4 Kf6 42. g4 fxg4 43. fxg4 Ne6+ 44. Nxe6 Kxe6 45. h5 Kf7 46. hxg6+ hxg6 47. Kg5 Nd6 48. Bxg6+ Kg8 49. Bd4 Bd7 50. Bd3 Nc4 51. a5 Be6 52. Bf5 Bxf5 53. Kxf5 Kf7 54. c3 Nd6+ 55. Kg5 Ne4+ 56. Kh6 Nd6 57. g5 Nf5+ 58. Kh5 Ne7 59. Bf6 Ng6 60. Kg4 Ke6 61. Kf3 Kf5 62. Ke3 Nf8 63. Kd3 Ne6 64. Ke3 Nf8 65. b5 cxb5 66. Kd4 Kg6 67. Kc5 Nd7+ 68. Kc6 Nxf6 69. gxf6 b4 70. cxb4 d4 71. b5 d3 72. b6 d2 73. b7 d1Q 74. b8Q Kxf6 75. Qf8+ Kg6 76. Qe8+ Kf6 77. Kb7 Qd6 78. Qh8+ Ke7 79. Qg7+ Ke8 80. Qg8+ Ke7 81. Qg5+ Kd7 82. Qf5+ Kd8 83. Qc8+ Ke7 84. Qc7+ Qxc7+ 85. Kxc7 1/2-1/2

[Event "SLO-chT U20"]
[Site "Slovenia"]
[Date "2002.??.??"]
[Round "7"]
[White "Karer, Gregor"]
[Black "Malic, Zeljko"]
[Result "1-0"]
[WhiteElo "2036"]
[BlackElo "1575"]
[PlyCount "75"]
[EventDate "2002.08.??"]
[EventType "team"]
[EventRounds "9"]
[EventCountry "SLO"]
[SourceTitle "EXT 2005"]
[Source "ChessBase"]
[SourceDate "2004.11.15"]
[SourceVersion "1"]
[SourceVersionDate "2004.11.15"]
[SourceQuality "1"]

1. e4 c5 2. d3 d6 3. g3 g6 4. Bg2 Bg7 5. Nc3 Nc6 6. Nge2 e6 7. 0-0 Nge7 8. Bg5 0-0 9. Qd2 Nd4 10. g4 Qc7 11. Ng3 Rb8 12. Nd1 b5 13. c3 Ndc6 14. Bh6 b4 15. Bxg7 Kxg7 16. Ne3 bxc3 17. bxc3 Rb6 18. g5 Qb8 19. Nc4 Rb5 20. Qf4 d5 21. Qf6+ Kg8 22. Ne3 Qe5 23. Ng4 Qxf6 24. gxf6 Nf5 25. exf5 exf5 26. Bxd5 fxg4 27. Bxc6 Rb6 28. Bd5 Rd8 29. c4 Be6 30. Bxe6 Rxe6 31. Ne4 Rc6 32. Rfd1 Kf8 33. Rab1 Ra6 34. Rb2 Rc8 35. Rdb1 Ke8 36. Rb8 Kd7 37. R8b7+ Rc7 38. Nxc5+ 1-0

[Event "SLO-chT U20"]
[Site "Slovenia"]
[Date "2002.??.??"]
[Round "6"]
[White "Ursic, Simona"]
[Black "Karer, Gregor"]
[Result "1/2-1/2"]
[WhiteElo "1819"]
[BlackElo "2036"]
[PlyCount "137"]
[EventDate "2002.08.??"]
[EventType "team"]
[EventRounds "9"]
[EventCountry "SLO"]
[SourceTitle "EXT 2005"]
[Source "ChessBase"]
[SourceDate "2004.11.15"]
[SourceVersion "1"]
[SourceVersionDate "2004.11.15"]
[SourceQuality "1"]

1. e4 e6 2. d4 d5 3. Nd2 Nf6 4. e5 Nfd7 5. Bd3 c5 6. c3 Nc6 7. Ne2 cxd4 8. cxd4 f6 9. exf6 Qxf6 10. Nf3 h6 11. 0-0 Bd6 12. Nc3 0-0 13. a3 Rd8 14. Bc2 Nf8 15. Re1 Bd7 16. Be3 Rac8 17. Rc1 Be8 18. Qd2 a6 19. Bd3 Ng6 20. Ne2 Nce7 21. Rxc8 Rxc8 22. Rc1 Nc6 23. Rc3 Rc7 24. Qc1 Rf7 25. b4 Nge7 26. Ng3 Rf8 27. Qd2 Nc8 28. b5 axb5 29. Bxb5 N8a7 30. Bd3 Qe7 31. Qb2 Na5 32. Qb6 N7c6 33. Bc1 Bc7 34. Qb2 Rxf3 35. gxf3 Nxd4 36. Kg2 Be5 37. Qb4 Qd8 38. Be3 Ndc6 39. Rxc6 bxc6 40. Qg4 Qe7 41. Bxh6 c5 42. Bg5 Qf7 43. Qh4 Bf6 44. Qh7+ Kf8 45. Bxf6 gxf6 46. Qh6+ Ke7 47. Qe3 Kd6 48. Qf4+ e5 49. Nf5+ Kc6 50. Qd2 Nb3 51. Qc2 c4 52. Qc3 Nc5 53. Bc2 Bd7 54. Ng3 d4 55. Qa5 d3 56. Ba4+ Nxa4 57. Qxa4+ Kd5 58. Qa5+ Kd4 59. Qb6+ Kc3 60. Ne4+ Kc2 61. Qb4 Qg6+ 62. Kh1 Qxe4 63. fxe4 c3 64. Qc4 d2 65. Qa2+ Kd3 66. Qd5+ Ke2 67. Qc4+ Kxf2 68. Qc5+ Ke1 69. Qc4 1/2-1/2

[Event "Nova Gorica op 06th"]
[Site "Nova Gorica"]
[Date "2001.01.27"]
[Round "3"]
[White "Karer, Gregor"]
[Black "Mestrovic, Zvonimir"]
[Result "0-1"]
[WhiteElo "2105"]
[BlackElo "2415"]
[PlyCount "110"]
[EventDate "2001.01.25"]
[EventType "swiss"]
[EventRounds "9"]
[EventCountry "SLO"]
[SourceTitle "CBM 080 Extra"]
[Source "ChessBase"]
[SourceDate "2001.03.08"]
[SourceVersion "1"]
[SourceVersionDate "2001.03.08"]
[SourceQuality "1"]

1. e4 Nc6 2. d4 d6 3. d5 Nb8 4. c4 Nf6 5. Nc3 g6 6. f4 Bg7 7. Be2 0-0 8. Be3 c5 9. Nf3 Ng4 10. Bd2 f5 11. exf5 gxf5 12. h3 Nf6 13. Qc2 e6 14. 0-0-0 exd5 15. cxd5 Na6 16. Bxa6 bxa6 17. Ng5 Rb8 18. g4 h6 19. gxf5 Nxd5 20. Ne6 Bxe6 21. fxe6 Nb4 22. Qg6 Qf6 23. Qxf6 Rxf6 24. Rhg1 Kh7 25. e7 Rf7 26. Rde1 Nd3+ 27. Kc2 Nxe1+ 28. Rxe1 Bxc3 29. e8Q Rxe8 30. Rxe8 Bxd2 31. Kxd2 Kg6 32. Ke3 Kf5 33. Rh8 Rf6 34. Rd8 Ke6 35. Ra8 Rg6 36. Kf3 Rg1 37. Rh8 Rg6 38. Ra8 Kd5 39. Rxa7 Rg1 40. Rxa6 h5 41. Ra3 Kd4 42. Ra6 d5 43. Rh6 c4 44. Rxh5 Rb1 45. f5 Rxb2 46. f6 Rxa2 47. Rf5 Ra8 48. f7 Rf8 49. h4 c3 50. Ke2 Kc4 51. Rf6 d4 52. h5 d3+ 53. Ke1 Rd8 54. Rf1 d2+ 55. Kd1 Kb3 0-1

[Event "Nova Gorica op 06th"]
[Site "Nova Gorica"]
[Date "2001.01.25"]
[Round "1"]
[White "Karer, Gregor"]
[Black "Sveshnikov, Evgeny"]
[Result "0-1"]
[WhiteElo "2105"]
[BlackElo "2560"]
[PlyCount "104"]
[EventDate "2001.01.25"]
[EventType "swiss"]
[EventRounds "9"]
[EventCountry "SLO"]
[SourceTitle "CBM 080 Extra"]
[Source "ChessBase"]
[SourceDate "2001.03.08"]
[SourceVersion "1"]
[SourceVersionDate "2001.03.08"]
[SourceQuality "1"]

1. e4 c5 2. d3 Nf6 3. Nc3 Nc6 4. g3 e6 5. Bg2 Be7 6. Nge2 0-0 7. 0-0 d6 8. h3 Rb8 9. f4 Bd7 10. g4 b5 11. Ng3 b4 12. Nce2 Ne8 13. f5 Bg5 14. Nf4 Nc7 15. Nfh5 Bxc1 16. Qxc1 Qh4 17. Qf4 e5 18. Qf2 g6 19. fxg6 fxg6 20. Nf6+ Kh8 21. Ngh5 Qxf2+ 22. Rxf2 Be6 23. Ng3 Nd4 24. c3 bxc3 25. bxc3 Ndb5 26. Ne2 Na3 27. d4 Bc4 28. dxe5 dxe5 29. Nd7 Rxf2 30. Kxf2 Rb2 31. Bf3 Ncb5 32. Rc1 Rxa2 33. Nxe5 Nd6 34. Ke3 g5 35. Rd1 Ndb5 36. Rd2 a5 37. Rxa2 Bxa2 38. Nc1 Bb1 39. Ned3 Nc4+ 40. Kf2 Nxc3 41. e5 Bxd3 42. Nxd3 a4 43. e6 Kg7 44. Nxc5 a3 45. Bc6 Kf6 46. Nb3 Kxe6 47. Kg3 Ke5 48. h4 Ne2+ 49. Kh3 Nd4 50. Ba4 Nxb3 51. Bxb3 Nd2 52. Ba2 h6 0-1

[Event "SLO-ch U20"]
[Site "Kranj"]
[Date "2001.??.??"]
[Round "2"]
[White "Karer, Gregor"]
[Black "Cetina, Klemen"]
[Result "1-0"]
[WhiteElo "2107"]
[BlackElo "2026"]
[PlyCount "71"]
[EventDate "2001.01.06"]
[EventType "swiss"]
[EventRounds "9"]
[EventCountry "SLO"]
[SourceTitle "CBM 080 Extra"]
[Source "ChessBase"]
[SourceDate "2001.03.08"]
[SourceVersion "1"]
[SourceVersionDate "2001.03.08"]
[SourceQuality "1"]

1. e4 d5 2. exd5 Nf6 3. d4 Nxd5 4. c4 Nb6 5. Nf3 g6 6. Nc3 Bg7 7. c5 Nd5 8. Bc4 c6 9. h3 0-0 10. 0-0 Nxc3 11. bxc3 b5 12. Bb3 a5 13. a3 Qc7 14. Re1 Na6 15. Qe2 e6 16. Qe4 Bd7 17. Bf4 Qb7 18. Bd6 Rfe8 19. Qf4 b4 20. axb4 axb4 21. Ng5 Bc8 22. Bc4 h6 23. Nf3 f6 24. Ra2 bxc3 25. Rea1 Qb4 26. Bd3 e5 27. Qe3 e4 28. Ra4 Bf5 29. Bc4+ Kh7 30. Rxb4 Nxb4 31. Rxa8 Rxa8 32. Qxc3 exf3 33. Qxb4 Ra1+ 34. Kh2 fxg2 35. Kxg2 Be4+ 36. f3 1-0

[Event "SLO-ch U20"]
[Site "Kranj"]
[Date "2001.??.??"]
[Round "8"]
[White "Karer, Gregor"]
[Black "Ziberna, Klemen"]
[Result "1-0"]
[WhiteElo "2107"]
[BlackElo "2088"]
[PlyCount "65"]
[EventDate "2001.01.06"]
[EventType "swiss"]
[EventRounds "9"]
[EventCountry "SLO"]
[SourceTitle "CBM 080 Extra"]
[Source "ChessBase"]
[SourceDate "2001.03.08"]
[SourceVersion "1"]
[SourceVersionDate "2001.03.08"]
[SourceQuality "1"]

1. e4 c5 2. Nc3 e6 3. Nge2 Nc6 4. g3 d6 5. Bg2 g6 6. 0-0 Bg7 7. d3 Nge7 8. Bg5 0-0 9. Qd2 Rb8 10. h4 b5 11. h5 b4 12. Nd1 Nd4 13. h6 Bh8 14. Nxd4 Bxd4 15. c3 bxc3 16. bxc3 Bh8 17. f4 f5 18. g4 Bf6 19. Bxf6 Rxf6 20. g5 Rf7 21. Ne3 Ba6 22. exf5 Nxf5 23. Nxf5 gxf5 24. Rfe1 Re7 25. c4 Bb7 26. Rab1 Bxg2 27. Rxb8 Qxb8 28. Qxg2 Qe8 29. Rb1 Rd7 30. Qc6 Qe7 31. Rb8+ Kf7 32. Rh8 Rc7 33. Qxc7 1-0

[Event "SLO-chTB U18"]
[Site "Areh"]
[Date "2001.??.??"]
[Round "?"]
[White "Ziberna, Klemen"]
[Black "Karer, Gregor"]
[Result "1-0"]
[WhiteElo "2086"]
[BlackElo "2106"]
[PlyCount "55"]
[EventDate "2001.10.??"]
[EventType "team"]
[EventRounds "7"]
[EventCountry "SLO"]
[SourceTitle "CBM 085 Extra"]
[Source "ChessBase"]
[SourceDate "2002.01.21"]
[SourceVersion "1"]
[SourceVersionDate "2002.01.21"]
[SourceQuality "1"]

1. e4 e6 2. d4 d5 3. Nd2 Nf6 4. e5 Nfd7 5. f4 c5 6. c3 Nc6 7. Ndf3 Qb6 8. h4 cxd4 9. cxd4 Bb4+ 10. Kf2 f6 11. Kg3 0-0 12. Bd3 fxe5 13. fxe5 Ndxe5 14. dxe5 Nxe5 15. Nxe5 Qf2+ 16. Kh3 Be7 17. Qh5 g6 18. Nxg6 e5+ 19. Kh2 Bd6 20. Ne7+ Kg7 21. Qxh7+ Kf6 22. Bg5+ Ke6 23. Qg6+ Kd7 24. Bf5+ Kc7 25. Rc1+ Bc5 26. Nxd5+ Kb8 27. Qg7 Bd6 28. Qxf8 1-0

[Event "Wch U18"]
[Site "Oropesa del Mar"]
[Date "2000.10.17"]
[Round "6"]
[White "Zhigalko, Andrey"]
[Black "Karer, Gregor"]
[Result "1-0"]
[WhiteElo "2318"]
[BlackElo "2115"]
[PlyCount "74"]
[EventDate "2000.10.11"]
[EventType "swiss"]
[EventRounds "11"]
[EventCountry "ESP"]
[SourceTitle "EXT 2001"]
[Source "ChessBase"]
[SourceDate "2000.11.22"]
[SourceVersion "1"]
[SourceVersionDate "2000.11.22"]
[SourceQuality "1"]

1. e4 e6 2. d4 d5 3. Nc3 Bb4 4. e5 c5 5. Bd2 cxd4 6. Nb5 Bf8 7. Nxd4 Nc6 8. Ngf3 Nge7 9. Bd3 Nxd4 10. Nxd4 Nc6 11. Nf3 Qc7 12. Qe2 Bd7 13. c3 Be7 14. 0-0 0-0 15. Rfe1 Rae8 16. Bf4 f5 17. b4 a6 18. a4 h6 19. h4 Rc8 20. Rec1 Be8 21. b5 axb5 22. axb5 Na5 23. Nd4 Bf7 24. g4 Bxh4 25. gxf5 Rce8 26. Qg4 Bg5 27. Bxg5 exf5 28. Qxf5 g6 29. Qg4 Rxe5 30. Bf6 Rh5 31. Bxg6 Qh2+ 32. Kf1 Rg5 33. Bxg5 Bxg6 34. Be3 Kh7 35. Rxa5 Rf7 36. Ke1 Rg7 37. Qf4 Qh5 1-0

[Event "Wch U18"]
[Site "Oropesa del Mar"]
[Date "2000.10.12"]
[Round "2"]
[White "Karer, Gregor"]
[Black "Firman, Nazar"]
[Result "1-0"]
[WhiteElo "2115"]
[BlackElo "2361"]
[PlyCount "74"]
[EventDate "2000.10.11"]
[EventType "swiss"]
[EventRounds "11"]
[EventCountry "ESP"]
[SourceTitle "EXT 2001"]
[Source "ChessBase"]
[SourceDate "2000.11.22"]
[SourceVersion "1"]
[SourceVersionDate "2000.11.22"]
[SourceQuality "1"]

1. e4 d6 2. d4 g6 3. Nc3 Bg7 4. Bg5 a6 5. f4 Nc6 6. Nge2 Bg4 7. h3 Bd7 8. d5 Na7 9. Nd4 c5 10. Nf3 Qb6 11. Rb1 Nb5 12. Bxb5 axb5 13. e5 b4 14. Ne4 Bb5 15. Kf2 f6 16. exf6 Nxf6 17. Bxf6 exf6 18. Re1 0-0 19. f5 Bh6 20. Ng3 Rxa2 21. Re7 Rf7 22. Re6 Bf4 23. Ne4 gxf5 24. Nxf6+ Rxf6 25. Rxf6 c4+ 26. Qd4 Qxd4+ 27. Nxd4 Be5 28. Nxb5 Bxf6 29. Nxd6 Bxb2 30. Nxf5 Ba3 31. d6 Rxc2+ 32. Ke3 b3 33. d7 Bc5+ 34. Nd4 Bb6 35. Rf1 Rxg2 36. Ke4 Rb2 37. Ne6 Rf2 1-0

[Event "SLO-chTA U18"]
[Site "Novo Mesto"]
[Date "2000.09.10"]
[Round "4.2"]
[White "Lazar, Ales Ml"]
[Black "Karer, Gregor"]
[Result "1-0"]
[WhiteElo "2150"]
[BlackElo "2115"]
[PlyCount "67"]
[EventDate "2000.09.08"]
[EventType "team"]
[EventRounds "7"]
[EventCountry "SLO"]
[SourceTitle "EXT 2002"]
[Source "ChessBase"]
[SourceDate "2001.11.25"]
[SourceVersion "1"]
[SourceVersionDate "2001.11.25"]
[SourceQuality "1"]

1. e4 e6 2. d4 d5 3. Nd2 Nf6 4. e5 Nfd7 5. f4 c5 6. c3 Nc6 7. Ndf3 Qa5 8. Be3 cxd4 9. Nxd4 Nxd4 10. Bxd4 Nb8 11. Nf3 Bd7 12. Bd3 Be7 13. 0-0 Bb5 14. Rf2 Bxd3 15. Qxd3 Nd7 16. f5 0-0-0 17. a4 Qc7 18. b4 Kb8 19. Qe3 Ka8 20. fxe6 fxe6 21. Ng5 Bxg5 22. Qxg5 g6 23. Rf7 b6 24. a5 Kb7 25. Qh6 bxa5 26. Rxa5 a6 27. Rc5 Nxc5 28. Rxc7+ Kxc7 29. Bxc5 Rd7 30. Qc1 Rc8 31. Qa3 Kb7 32. Qa5 Rc6 33. b5 Rxc5 34. Qxa6+ 1-0

[Event "Ljubljana op 11th"]
[Site "Ljubljana"]
[Date "2000.06.17"]
[Round "1"]
[White "Karer, Gregor"]
[Black "Pavasovic, Dusko"]
[Result "0-1"]
[WhiteElo "2065"]
[BlackElo "2544"]
[PlyCount "96"]
[EventDate "2000.06.17"]
[EventType "swiss"]
[EventRounds "9"]
[EventCountry "SLO"]
[SourceTitle "CBM 076 Extra"]
[Source "ChessBase"]
[SourceDate "2000.07.11"]
[SourceVersion "1"]
[SourceVersionDate "2000.07.11"]
[SourceQuality "1"]

1. e4 c5 2. d3 g6 3. g3 Bg7 4. Bg2 Nc6 5. Nc3 e6 6. Nge2 Nge7 7. 0-0 0-0 8. Bg5 h6 9. Be3 Nd4 10. Qd2 Kh7 11. h4 h5 12. f4 d6 13. Rab1 Rb8 14. b4 Bd7 15. bxc5 dxc5 16. e5 Bc6 17. Ne4 Nef5 18. Bf2 Rc8 19. N2c3 Qa5 20. Rb2 Kg8 21. Qd1 Qa3 22. Rb1 Nh6 23. Ne2 Nxe2+ 24. Qxe2 b6 25. Bf3 Rfd8 26. Kh2 Rc7 27. Kh3 c4 28. Rfd1 cxd3 29. Rxd3 Rxd3 30. cxd3 Bd5 31. Rb2 Bxe4 32. Bxe4 Ng4 33. Rc2 Rxc2 34. Qxc2 Bf8 35. d4 Qb4 36. Bf3 Nxf2+ 37. Qxf2 Qc4 38. g4 hxg4+ 39. Kxg4 Qd3 40. Kg3 Bh6 41. a4 Kg7 42. h5 gxh5 43. Qh2 Qxd4 44. Qh4 Qg1+ 45. Kh3 Qf1+ 46. Kh2 Qxf3 47. Qf6+ Kh7 48. Qxf7+ Bg7 0-1